[Event "Kolomna-ch U14"]
[Site "Kolomna"]
[Date "2011.12.15"]
[Round "13"]
[White "Tulinov, Dmitry"]
[Black "Maksimets, Dmitry"]
[Result "0-1"]
[WhiteElo "1556"]
[BlackElo "1746"]
[PlyCount "44"]
[EventDate "2011.11.30"]
[EventType "tourn"]
[EventRounds "14"]
[EventCountry "RUS"]
[SourceTitle "EXT 2022"]
[Source "ChessBase"]
[SourceDate "2021.10.06"]
[SourceVersion "1"]
[SourceVersionDate "2021.10.06"]
[SourceQuality "1"]

1. e4 e5 2. Bc4 Nf6 3. Nc3 Bc5 4. f3 d6 5. d3 h6 6. Qe2 Nc6 7. Be3 Bxe3 8. Qxe3 Nd4 9. 0-0-0 Qe7 10. Nce2 c5 11. f4 Bg4 12. fxe5 dxe5 13. h3 Bxe2 14. Nxe2 a5 15. Nxd4 exd4 16. Bb5+ Kd8 17. Qd2 a4 18. Kb1 a3 19. b3 Qc7 20. Rc1 Ra5 21. Bc4 b5 22. Bxf7 Ra6 0-1

[Event "Kolomna-ch U14"]
[Site "Kolomna"]
[Date "2010.12.11"]
[Round "11"]
[White "Mulin, Nikina"]
[Black "Tulinov, Dmitry"]
[Result "1-0"]
[WhiteElo "1628"]
[BlackElo "1661"]
[PlyCount "69"]
[EventDate "2010.12.01"]
[EventType "tourn"]
[EventRounds "11"]
[EventCountry "RUS"]
[SourceTitle "EXT 2022"]
[Source "ChessBase"]
[SourceDate "2021.10.06"]
[SourceVersion "1"]
[SourceVersionDate "2021.10.06"]
[SourceQuality "1"]

1. Nf3 g6 2. d4 Bg7 3. e3 Nf6 4. Bd3 d5 5. Nbd2 Nc6 6. c3 0-0 7. 0-0 Qd6 8. h3 Re8 9. Re1 e5 10. e4 dxe4 11. Nxe4 Nxe4 12. Bxe4 exd4 13. Bxc6 Qxc6 14. cxd4 Rxe1+ 15. Qxe1 Bxh3 16. Be3 Re8 17. Rc1 Qd5 18. Rxc7 Bg4 19. Nh2 Bc8 20. Qc3 Bf5 21. b3 Be4 22. f3 Bf5 23. Kf2 Qd6 24. Nf1 Bd3 25. Nd2 Bh6 26. Ne4 Bxe4 27. fxe4 Bf4 28. e5 Bxe3+ 29. Kxe3 Qd5 30. Qc4 Qxc4 31. bxc4 Rb8 32. d5 a6 33. d6 b5 34. d7 Rd8 35. Rc8 1-0

[Event "Kolomna-ch U14"]
[Site "Kolomna"]
[Date "2010.12.10"]
[Round "10"]
[White "Tulinov, Dmitry"]
[Black "Kozlov, Aleksei"]
[Result "0-1"]
[WhiteElo "1661"]
[BlackElo "1865"]
[PlyCount "52"]
[EventDate "2010.12.01"]
[EventType "tourn"]
[EventRounds "11"]
[EventCountry "RUS"]
[SourceTitle "EXT 2022"]
[Source "ChessBase"]
[SourceDate "2021.10.06"]
[SourceVersion "1"]
[SourceVersionDate "2021.10.06"]
[SourceQuality "1"]

1. e4 e6 2. d4 d5 3. e5 c5 4. c3 Nc6 5. Nf3 Qb6 6. Be2 Bd7 7. 0-0 0-0-0 8. Bf4 Qxb2 9. Nbd2 Qxc3 10. Nb3 Qb4 11. Bd2 Qa4 12. Nxc5 Qxd1 13. Rfxd1 Bxc5 14. dxc5 Nge7 15. a4 Ng6 16. Bg5 Rde8 17. Bb5 Ngxe5 18. Nxe5 Nxe5 19. Rdc1 f6 20. Bf4 Bxb5 21. axb5 Nd3 22. Rxa7 Nxc1 23. c6 Ne2+ 24. Kf1 Nxf4 25. Rxb7 Ng6 26. Ra7 Re7 0-1

[Event "Kolomna-ch U14"]
[Site "Kolomna"]
[Date "2010.12.04"]
[Round "4"]
[White "Tulinov, Dmitry"]
[Black "Yurevich, Maria"]
[Result "0-1"]
[WhiteElo "1661"]
[BlackElo "1761"]
[PlyCount "92"]
[EventDate "2010.12.01"]
[EventType "tourn"]
[EventRounds "11"]
[EventCountry "RUS"]
[SourceTitle "EXT 2022"]
[Source "ChessBase"]
[SourceDate "2021.10.06"]
[SourceVersion "1"]
[SourceVersionDate "2021.10.06"]
[SourceQuality "1"]

1. e4 e6 2. d4 d5 3. f3 dxe4 4. fxe4 Qh4+ 5. Kd2 Qxe4 6. c3 g6 7. Qf3 Bh6+ 8. Kd1 Qxf3+ 9. Nxf3 Bxc1 10. Kxc1 Nc6 11. Nbd2 Nf6 12. Kc2 Ne7 13. Re1 Bd7 14. Bc4 Bc6 15. Re2 Bxf3 16. Nxf3 0-0-0 17. Ng5 Rdf8 18. Rhe1 h6 19. Nxe6 fxe6 20. Rxe6 Ned5 21. Bxd5 Nxd5 22. Rxg6 Rf2+ 23. Kb3 Nf4 24. Rg7 Rxg2 25. Rf7 Ng6 26. Rg7 Rf8 27. Re6 Nf4 28. Ree7 Rxg7 29. Rxg7 h5 30. Rh7 Kd8 31. Kc4 Re8 32. b3 Re7 33. Rh8+ Kd7 34. Rf8 Ng6 35. Rg8 Nh4 36. Rh8 Re2 37. a4 Rxh2 38. Rxh5 Nf3 39. Rf5 Nd2+ 40. Kb4 b6 41. Rf7+ Kc8 42. Rf8+ Kb7 43. d5 Nb1 44. Rf7 Rh4+ 45. c4 a5+ 46. Kb5 Na3# 0-1